Arte Brasileira na colecao Fadel/ (Record no. 2547)

MARC details
000 -LEADER
campo de control de longitud fija 00624nam a22001937a 4500
003 - IDENTIFICADOR DE NÚMERO DE CONTROL
campo de control OSt
005 - FECHA Y HORA DE LA ÚLTIMA TRANSACCIÓN
campo de control 20221109214029.0
008 - DATOS DE LONGITUD FIJA--INFORMACIÓN GENERAL
campo de control de longitud fija 221006b |||||||| |||| 00| 0 eng d
020 ## - NÚMERO INTERNACIONAL ESTÁNDAR DEL LIBRO
Número Internacional Estándar del Libro 85-88742-02-0
040 ## - FUENTE DE CATALOGACIÓN
Centro/agencia transcriptor Biblioteca Lado V
082 ## - NÚMERO DE LA CLASIFICACIÓN DECIMAL DEWEY
Número de clasificación 750
Número de ítem H548a
100 ## - ENTRADA PRINCIPAL--NOMBRE DE PERSONA
9 (RLIN) 13
Nombre de persona Herkenhoff, Paulo
Término indicativo de función/relación curador
245 ## - MENCIÓN DEL TÍTULO
Título Arte Brasileira na colecao Fadel/
Resto del título da inquietacao do moderno a autonomia da linguagem/
260 ## - PUBLICACIÓN, DISTRIBUCIÓN, ETC.
Lugar de publicación, distribución, etc. Brasil
Nombre del editor, distribuidor, etc. Andrea Jakobsson
Fecha de publicación, distribución, etc. 2002
300 ## - DESCRIPCIÓN FÍSICA
Dimensiones 24x31cm
Extensión 208p.
700 ## - ENTRADA AGREGADA--NOMBRE PERSONAL
Nombre de persona Bonito Oliva, Achille
Término indicativo de función/relación textos
700 ## - ENTRADA AGREGADA--NOMBRE PERSONAL
Nombre de persona Lea Remba, Luis e
Término indicativo de función/relación textos
942 ## - ELEMENTOS DE ENTRADA SECUNDARIOS (KOHA)
Fuente del sistema de clasificación o colocación Clasificación Decimal Dewey
Tipo de ítem Koha Libros
Parte de la signatura que corresponde a la clasificación (Parte de la clasificación) 750
Parte de la signatura que identifica el ejemplar (Parte del ítem) H548a
Suprimir en OPAC No
Holdings
Estatus retirado Estado de pérdida Fuente del sistema de clasificación o colocación Estado de daño No para préstamo Biblioteca de origen Biblioteca actual Fecha de adquisición Número de inventario Total de préstamos Signatura topográfica completa Código de barras Visto por última vez Precio de reemplazo Tipo de ítem Koha
    Clasificación Decimal Dewey     Biblioteca LadoV Biblioteca LadoV 09/11/2022 001225   750 H548a 001225 09/11/2022 09/11/2022 Libros